The harafish / (Record no. 130708)

MARC details
000 -LEADER
fixed length control field 00667nam a22002297a 4500
005 - DATE AND TIME OF LATEST TRANSACTION
control field 20170124110115.0
010 ## - LIBRARY OF CONGRESS CONTROL NUMBER
LC control number A-684587
020 ## - INTERNATIONAL STANDARD BOOK NUMBER
Terms of availability 00.00
International Standard Book Number 0385423241
035 ## - SYSTEM CONTROL NUMBER
System control number A-684587
037 ## - SOURCE OF ACQUISITION
Source of stock number/acquisition Cen Lib/Ret
040 ## - CATALOGING SOURCE
Original cataloging agency DPL
Language of cataloging EN
082 ## - DEWEY DECIMAL CLASSIFICATION NUMBER
Classification number 899.3
Item number MAH
100 ## - MAIN ENTRY--PERSONAL NAME
Personal name Mahfouz, Naguib
9 (RLIN) 21371
245 ## - TITLE STATEMENT
Title The harafish /
Statement of responsibility, etc by Naguib Mahfouz ; translated by Catherine Cobham
260 ## - PUBLICATION, DISTRIBUTION, ETC. (IMPRINT)
Place of publication, distribution, etc New York
Name of publisher, distributor, etc Doubleday
Date of publication, distribution, etc 1994
270 ## - ADDRESS
Address 1540 Broadway
City New York
300 ## - PHYSICAL DESCRIPTION
Extent 466p.
Dimensions 24cm(Hb)
650 ## - SUBJECT ADDED ENTRY--TOPICAL TERM
Topical term or geographic name as entry element Egypt -- Fiction
9 (RLIN) 29898
650 ## - SUBJECT ADDED ENTRY--TOPICAL TERM
Topical term or geographic name as entry element Domestic fiction
9 (RLIN) 27433
700 ## - ADDED ENTRY--PERSONAL NAME
Personal name Cobham, Catherine
9 (RLIN) 29899
942 ## - ADDED ENTRY ELEMENTS (KOHA)
Source of classification or shelving scheme Dewey Decimal Classification
Koha item type English Books
Classification part 899.3
Call number suffix MAH
Holdings
Withdrawn status Lost status Damaged status Not for loan Home library Current library Date acquired Source of acquisition Cost, normal purchase price Total Checkouts Full call number Barcode Date last seen Copy number Cost, replacement price Price effective from Koha item type
        Central Library Central Library 10/07/2015 Cen Lib/Ret 0.00   899.3 MAH A-684587 10/07/2015 1 0.00 10/07/2015 English Books

© Delhi Public Library
Hit Counter
free hit counter